000 00598nam a2200229Ia 4500
003 OSt
005 20231010154115.0
008 210329s9999||||xx |||||||||||||| ||und||
040 _cSTCPL
041 _aENG
082 _a581.634 095
_bSUM-T
100 _aOommen, Sumy
100 _aVed, D. K.
100 _aKrishnan, R.
245 0 _aTropical Indian medicinal plants :
_bpropagation methods /
_cby Sumy Oommen, D. K. Ved and R. Krishnan
260 _aBanglore :
_bFrlht,
_c2000.
300 _a351 p.
_bPB
650 _aBotany
650 _aMedicinal plants
942 _cBK
942 _2ddc
999 _c49223
_d49223